000 00227nam a22000977a 4500
008 170125b xxu||||| |||| 00| 0 eng d
041 _aeng
080 _a61
245 _aFATIGUE IN MULTIPLE SCLEROSIS
_cKRUPP, L,B
942 _2udc
_cBK
999 _c3679
_d3679